The management of construction firms: aspects of theory (Record no. 94691)

MARC details
000 -LEADER
fixed length control field 00612cam a2200229 4500
008 - FIXED-LENGTH DATA ELEMENTS--GENERAL INFORMATION
fixed length control field 090401t1989 xxu||||| |||| 00| 0 eng d
020 ## - INTERNATIONAL STANDARD BOOK NUMBER
International Standard Book Number 0333416023
035 ## - SYSTEM CONTROL NUMBER
System control number (Sirsi) u64611
041 ## - LANGUAGE CODE
Language code of text/sound track or separate title eng
050 ## - LIBRARY OF CONGRESS CALL NUMBER
Classification number 658.99
245 #4 - TITLE STATEMENT
Title The management of construction firms: aspects of theory
260 ## - PUBLICATION, DISTRIBUTION, ETC.
Place of publication, distribution, etc. Basingstoke
Name of publisher, distributor, etc. MacMillan
Date of publication, distribution, etc. 1989
300 ## - PHYSICAL DESCRIPTION
Extent xx,165p. ; 22cm.
350 ## - PRICE (NR) (BK AM CF MU VM SE) [OBSOLETE]
Price 37.5
650 ## - SUBJECT ADDED ENTRY--TOPICAL TERM
Topical term or geographic name entry element BUILDING INDUSTRY
650 ## - SUBJECT ADDED ENTRY--TOPICAL TERM
Topical term or geographic name entry element COMPANIES
650 ## - SUBJECT ADDED ENTRY--TOPICAL TERM
Topical term or geographic name entry element CONSTRUCTION FIRMS
700 ## - ADDED ENTRY--PERSONAL NAME
Personal name Cannon, Jacqueline
International Standard Serial Number Editor
700 ## - ADDED ENTRY--PERSONAL NAME
Personal name Hillebrandt, Patricia M.
International Standard Serial Number Editor
942 ## - ADDED ENTRY ELEMENTS (KOHA)
Suppress in OPAC 0
948 ## - LOCAL PROCESSING INFORMATION (OCLC); SERIES PART DESIGNATOR (RLIN)
c (OCLC) 04/03/1997
Holdings
Withdrawn status Lost status Source of classification or shelving scheme Damaged status Not for loan Home library Current library Shelving location Date acquired Cost, normal purchase price Total Checkouts Full call number Barcode Date last seen Date last checked out Copy number Cost, replacement price Price effective from Koha item type
    Dewey Decimal Classification     London London Books 14/09/1999 37.50 7 658.99 30020171 06/08/2019 14/01/2010 1 37.50 06/08/2019 Book